[Event "Bad Woerishofen op 30th"]
[Site "Bad Woerishofen"]
[Date "2014.03.23"]
[Round "8"]
[White "Gorse, Gerard"]
[Black "Voss, Gunther"]
[Result "0-1"]
[WhiteElo "2036"]
[BlackElo "2160"]
[PlyCount "58"]
[EventDate "2014.03.21"]
[EventType "swiss"]
[EventRounds "9"]
[EventCountry "GER"]
[SourceTitle "CBM 159 Extra"]
[Source "ChessBase"]
[SourceDate "2014.04.24"]
[SourceVersion "1"]
[SourceVersionDate "2014.04.24"]
[SourceQuality "1"]

1. c4 e5 2. g3 Nf6 3. Bg2 h6 4. Nc3 Bb4 5. Nf3 Bxc3 6. bxc3 e4 7. Nd4 0-0 8. 0-0 d6 9. d3 Re8 10. f3 exd3 11. exd3 Nbd7 12. f4 c5 13. Nc2 Nb6 14. f5 d5 15. cxd5 Nbxd5 16. Bd2 Ne7 17. d4 Nxf5 18. dxc5 Qa5 19. c6 Qc5+ 20. Nd4 Nxd4 21. cxd4 Qxd4+ 22. Kh1 bxc6 23. Bxh6 Qxd1 24. Raxd1 Nd5 25. Bf4 Re2 26. Rxd5 cxd5 27. Bxd5 Bh3 28. Rd1 Rae8 29. Kg1 Be6 0-1

[Event "Metz op 31th"]
[Site "Metz"]
[Date "2013.07.25"]
[Round "8"]
[White "Daurelle, Herve"]
[Black "Gorse, Gerard"]
[Result "1-0"]
[WhiteElo "2215"]
[BlackElo "2083"]
[PlyCount "23"]
[EventDate "2013.04.20"]
[EventType "swiss"]
[EventRounds "9"]
[EventCountry "FRA"]
[SourceTitle "EXT 2016"]
[Source "ChessBase"]
[SourceDate "2015.10.08"]
[SourceVersion "1"]
[SourceVersionDate "2015.10.08"]
[SourceQuality "1"]

1. e4 c6 2. d4 d5 3. e5 Bf5 4. h4 h6 5. g4 Be4 6. f3 Bh7 7. e6 Qd6 8. exf7+ Kxf7 9. Bd3 Bxd3 10. Qxd3 Nd7 11. Ne2 Ngf6 12. Bf4 1-0

[Event "Metz op 31th"]
[Site "Metz"]
[Date "2013.04.24"]
[Round "4"]
[White "Schweitzer, Viktoriya"]
[Black "Gorse, Gerard"]
[Result "1-0"]
[WhiteElo "2239"]
[BlackElo "2083"]
[PlyCount "106"]
[EventDate "2013.04.20"]
[EventType "swiss"]
[EventRounds "9"]
[EventCountry "FRA"]
[SourceTitle "EXT 2016"]
[Source "ChessBase"]
[SourceDate "2015.10.08"]
[SourceVersion "1"]
[SourceVersionDate "2015.10.08"]
[SourceQuality "1"]

1. e4 c6 2. d4 d5 3. Nc3 dxe4 4. Nxe4 Bf5 5. Ng3 Bg6 6. h4 h6 7. Nf3 Nd7 8. h5 Bh7 9. Bd3 Bxd3 10. Qxd3 e6 11. Bf4 Qa5+ 12. c3 Ngf6 13. Ne4 Nxe4 14. Qxe4 Nf6 15. Qe5 Qa6 16. Qe2 Qxe2+ 17. Kxe2 Rd8 18. Rad1 Bd6 19. Ne5 Ke7 20. f3 c5 21. g4 Nd5 22. Bg3 cxd4 23. Rxd4 Bxe5 24. Bxe5 f6 25. Bg3 e5 26. Ra4 a6 27. Rd1 Nc7 28. Rxd8 Rxd8 29. Rb4 b5 30. Re4 Kf7 31. a4 Ne6 32. axb5 axb5 33. Rb4 Rd5 34. Ke3 Ke7 35. Ke4 Kd6 36. Bf2 Ng5+ 37. Ke3 Ne6 38. Bg3 Ke7 39. Rb3 Rc5 40. Bf2 Kd6 41. Ra3 Rc4 42. Ra6+ Rc6 43. Ra5 Nc7 44. Kd3 Ke6 45. Ra7 f5 46. Rb7 fxg4 47. fxg4 Kf6 48. Bh4+ g5 49. Bf2 Rc4 50. b3 Rc6 51. Ba7 Ke6 52. Be3 Nd5 53. Bd2 Nf6 1-0

[Event "Metz op 31th"]
[Site "Metz"]
[Date "2013.04.20"]
[Round "1"]
[White "Gorse, Gerard"]
[Black "Wirig, Anthony"]
[Result "0-1"]
[WhiteElo "2083"]
[BlackElo "2481"]
[PlyCount "74"]
[EventDate "2013.04.20"]
[EventType "swiss"]
[EventRounds "9"]
[EventCountry "FRA"]
[SourceTitle "EXT 2016"]
[Source "ChessBase"]
[SourceDate "2015.10.08"]
[SourceVersion "1"]
[SourceVersionDate "2015.10.08"]
[SourceQuality "1"]

1. c4 c5 2. g3 g6 3. Bg2 Bg7 4. Nc3 Nc6 5. Nf3 d6 6. a3 Bf5 7. d3 Rc8 8. h3 Nf6 9. e4 Bd7 10. Be3 a6 11. Rb1 Qa5 12. 0-0 b5 13. Nd5 bxc4 14. Nxf6+ Bxf6 15. dxc4 Rb8 16. Qc2 0-0 17. Bd2 Qc7 18. Bc3 Bxc3 19. Qxc3 a5 20. b3 f6 21. Rfe1 Rb6 22. Nd2 Rfb8 23. f4 e5 24. fxe5 dxe5 25. Kh2 Kg7 26. Rf1 Be6 27. Rf2 Rf8 28. g4 Rbb8 29. Qg3 Rbd8 30. Nf1 Rb8 31. Ne3 Nd4 32. Nd5 Bxd5 33. exd5 Kh8 34. Rfb2 f5 35. gxf5 gxf5 36. Rc1 f4 37. Qh4 f3 0-1

[Event "Winterthur op 12th"]
[Site "Winterthur"]
[Date "2012.10.08"]
[Round "3"]
[White "Nabavi, Parwis"]
[Black "Gorse, Gerard"]
[Result "1-0"]
[WhiteElo "2179"]
[BlackElo "2089"]
[PlyCount "127"]
[EventDate "2012.10.06"]
[EventType "swiss"]
[EventRounds "9"]
[EventCountry "SUI"]
[SourceTitle "CBM 150 Extra"]
[Source "ChessBase"]
[SourceDate "2012.10.19"]
[SourceVersion "1"]
[SourceVersionDate "2012.10.19"]
[SourceQuality "1"]

1. d4 f5 2. g3 Nf6 3. Bg2 e6 4. Nf3 d5 5. 0-0 Bd6 6. c4 c6 7. Nc3 0-0 8. Qc2 Bd7 9. Rb1 Be8 10. c5 Bc7 11. b4 Ne4 12. Bf4 Bxf4 13. gxf4 a6 14. a4 Bh5 15. Rb3 Bxf3 16. Bxf3 Qh4 17. Qc1 Rf6 18. Bg2 Rh6 19. h3 Rg6 20. Nxe4 fxe4 21. Kh2 Nd7 22. Rg3 Rf8 23. e3 Nf6 24. Qd1 Nh5 25. Rxg6 hxg6 26. Qg4 Qf6 27. Rb1 Qf5 28. b5 axb5 29. axb5 Nf6 30. Qg3 Nh5 31. Qh4 Qf6 32. Qg4 Qf5 33. bxc6 bxc6 34. Rb7 Rf7 35. Rb8+ Rf8 36. Rb6 Rc8 37. Qe2 Qf7 38. Qa6 Qd7 39. Rb7 Rc7 40. Qa8+ Kf7 41. Rb6 Nf6 42. Bf1 Rc8 43. Qa4 Ng8 44. Ba6 Rc7 45. Kg2 Ne7 46. Rb8 Ra7 47. Qa5 Qc7 48. Qxc7 Rxc7 49. Kg3 Ra7 50. Rb6 Rc7 51. Kg4 Ke8 52. Rb8+ Kd7 53. Ra8 Nf5 54. Kg5 Ne7 55. h4 Nf5 56. Kxg6 Nxh4+ 57. Kxg7 Ke7 58. Bc8 Kd8+ 59. Kf6 Rxc8 60. Rxc8+ Kxc8 61. Kxe6 Kc7 62. f5 Kd8 63. f6 Ng6 64. Kd6 1-0

[Event "Winterthur op 12th"]
[Site "Winterthur"]
[Date "2012.10.06"]
[Round "1"]
[White "Ulybin, Mikhail"]
[Black "Gorse, Gerard"]
[Result "1-0"]
[WhiteElo "2529"]
[BlackElo "2089"]
[PlyCount "69"]
[EventDate "2012.10.06"]
[EventType "swiss"]
[EventRounds "9"]
[EventCountry "SUI"]
[SourceTitle "CBM 150 Extra"]
[Source "ChessBase"]
[SourceDate "2012.10.19"]
[SourceVersion "1"]
[SourceVersionDate "2012.10.19"]
[SourceQuality "1"]

1. Nf3 c5 2. e4 e6 3. d4 cxd4 4. Nxd4 Nc6 5. Nc3 d6 6. Be3 Nf6 7. f4 e5 8. fxe5 Ng4 9. Bg1 Ngxe5 10. Qd2 Be6 11. 0-0-0 a6 12. Nf5 Bxf5 13. exf5 Qa5 14. Kb1 0-0-0 15. Be2 Be7 16. Be3 h6 17. h4 Rhe8 18. g4 Kb8 19. Nd5 Qxd2 20. Rxd2 Bf8 21. Rhd1 Nd7 22. g5 Re5 23. Bf4 Re4 24. Bf3 Ree8 25. gxh6 gxh6 26. Rg2 Nce5 27. Bh5 Rc8 28. b3 Rc5 29. c4 b5 30. Be3 Rcc8 31. cxb5 axb5 32. Be2 Nc6 33. Bxb5 Nf6 34. Nxf6 Rxe3 35. Bxc6 1-0

[Event "Baden-ch"]
[Site "Emmendingen"]
[Date "2012.06.05"]
[Round "2"]
[White "Scherer, Max"]
[Black "Gorse, Gerard"]
[Result "1-0"]
[WhiteElo "2258"]
[BlackElo "2104"]
[PlyCount "81"]
[EventDate "2012.06.04"]
[EventType "swiss"]
[EventRounds "9"]
[EventCountry "GER"]
[SourceTitle "CBM 148 Extra"]
[Source "ChessBase"]
[SourceDate "2012.06.22"]
[SourceVersion "1"]
[SourceVersionDate "2012.06.22"]
[SourceQuality "1"]

1. f4 c5 2. Nf3 d5 3. e3 Nc6 4. b3 Bg4 5. h3 Bxf3 6. Qxf3 e6 7. Bb2 Nf6 8. Bb5 Qc7 9. d3 0-0-0 10. Bxc6 Qxc6 11. Nd2 h5 12. g3 Kb8 13. 0-0-0 Be7 14. g4 Rdg8 15. g5 Nd7 16. h4 f5 17. c4 Rh7 18. e4 dxe4 19. dxe4 g6 20. exf5 exf5 21. Qxc6 bxc6 22. Nf3 Bd8 23. Be5+ Bc7 24. Bxc7+ Kxc7 25. Rhe1 Rgg7 26. Re6 Nf8 27. Re8 Nd7 28. Rde1 Rf7 29. R1e6 Rhg7 30. Kc2 Nf8 31. Rf6 Nd7 32. Rfe6 Nf8 33. Ne5 Nxe6 34. Rxe6 Rf8 35. Rxc6+ Kb7 36. Rxc5 Rd8 37. Kc3 Rd1 38. Rc6 Re7 39. Rf6 Re1 40. Nxg6 R7e6 41. Ne5 1-0

[Event "Baden-ch"]
[Site "Emmendingen"]
[Date "2012.06.05"]
[Round "1"]
[White "Schneider, Bernd2222"]
[Black "Gorse, Gerard"]
[Result "1-0"]
[WhiteElo "2244"]
[BlackElo "2104"]
[PlyCount "81"]
[EventDate "2012.06.04"]
[EventType "swiss"]
[EventRounds "9"]
[EventCountry "GER"]
[SourceTitle "CBM 148 Extra"]
[Source "ChessBase"]
[SourceDate "2012.06.22"]
[SourceVersion "1"]
[SourceVersionDate "2012.06.22"]
[SourceQuality "1"]

1. c4 c5 2. Nc3 Nc6 3. Nf3 g6 4. e3 Bg7 5. d4 e6 6. d5 Bxc3+ 7. bxc3 Nce7 8. e4 d6 9. Be2 e5 10. Qc2 f5 11. Nd2 Nf6 12. exf5 Bxf5 13. Bd3 Qd7 14. Rb1 0-0-0 15. f3 h5 16. 0-0 h4 17. Ne4 Bxe4 18. fxe4 Nh5 19. Bg5 Rdf8 20. Bxh4 Nf4 21. Bg5 Rh5 22. h4 Rfh8 23. Bxf4 exf4 24. Rxf4 g5 25. hxg5 Ng6 26. Rf5 Qh7 27. Kf2 Rh2 28. Rg1 Qh4+ 29. Kf1 Nf4 30. Qd1 Rh1 31. Qf3 Rxg1+ 32. Kxg1 Qh1+ 33. Kf2 Qh4+ 34. Ke3 Ng6 35. Qf2 Qh1 36. Bf1 Qh2 37. Rf6 Ne5 38. Kd2 Kc7 39. Kc2 Rh4 40. Rf8 Rg4 41. Qf6 1-0

[Event "Metz op 30th"]
[Site "Metz"]
[Date "2012.04.23"]
[Round "2"]
[White "Gorse, Gerard"]
[Black "Piasetski, Leon David"]
[Result "0-1"]
[WhiteElo "2065"]
[BlackElo "2289"]
[PlyCount "62"]
[EventDate "2012.04.14"]
[EventType "swiss"]
[EventRounds "9"]
[EventCountry "FRA"]
[SourceTitle "EXT 2013"]
[Source "ChessBase"]
[SourceDate "2012.11.22"]
[SourceVersion "1"]
[SourceVersionDate "2012.11.22"]
[SourceQuality "1"]

1. c4 e6 2. g3 d5 3. Bg2 Nf6 4. Nf3 dxc4 5. Na3 Bxa3 6. bxa3 0-0 7. Bb2 c6 8. Ne5 b5 9. Nxc6 Nxc6 10. Bxc6 Rb8 11. 0-0 Bd7 12. Bxd7 Qxd7 13. Qc2 Qd5 14. Bxf6 gxf6 15. Rfd1 Rfc8 16. Rab1 Rc5 17. Qc3 Qe5 18. Qxe5 fxe5 19. Rdc1 e4 20. Rb2 Rb7 21. Kf1 Kf8 22. Rc3 Ke7 23. Re3 f5 24. g4 Kf6 25. gxf5 exf5 26. f3 Ke5 27. fxe4 fxe4 28. Rg3 Rd5 29. Kg2 Kd4 30. a4 a6 31. axb5 axb5 0-1

[Event "Metz op 30th"]
[Site "Metz"]
[Date "2012.04.23"]
[Round "3"]
[White "Philippe, Christophe"]
[Black "Gorse, Gerard"]
[Result "1-0"]
[WhiteElo "2416"]
[BlackElo "2065"]
[PlyCount "65"]
[EventDate "2012.04.14"]
[EventType "swiss"]
[EventRounds "9"]
[EventCountry "FRA"]
[SourceTitle "EXT 2013"]
[Source "ChessBase"]
[SourceDate "2012.11.22"]
[SourceVersion "1"]
[SourceVersionDate "2012.11.22"]
[SourceQuality "1"]

1. e4 c5 2. Nf3 e6 3. d4 cxd4 4. Nxd4 Nc6 5. Nc3 d6 6. Bc4 Nf6 7. Be3 Be7 8. Qe2 Bd7 9. Bb3 Rc8 10. f3 Na5 11. g4 0-0 12. 0-0-0 Nxb3+ 13. axb3 Ne8 14. Kb1 Qa5 15. h4 Nc7 16. g5 b5 17. h5 b4 18. Na2 Nb5 19. g6 e5 20. Nxb5 Bxb5 21. Qd2 fxg6 22. hxg6 Be8 23. gxh7+ Kh8 24. Rdg1 Bf7 25. Bg5 Qc7 26. Bxe7 Qxe7 27. Nxb4 Be6 28. Rd1 Rxf3 29. Qxd6 Qxd6 30. Rxd6 Rh3 31. Rg1 Re8 32. Nc6 Re3 33. Nd8 1-0

[Event "Winterthur op 11th"]
[Site "Winterthur"]
[Date "2011.10.09"]
[Round "2"]
[White "Gorse, Gerard"]
[Black "Rausis, Igors"]
[Result "0-1"]
[WhiteElo "2068"]
[BlackElo "2497"]
[PlyCount "76"]
[EventDate "2011.10.08"]
[EventType "swiss"]
[EventRounds "9"]
[EventCountry "SUI"]
[SourceTitle "CBM 144 Extra"]
[Source "ChessBase"]
[SourceDate "2011.10.28"]
[SourceVersion "1"]
[SourceVersionDate "2011.10.28"]
[SourceQuality "1"]

1. c4 b6 2. Nc3 Bb7 3. e4 e6 4. Nge2 Nf6 5. d3 d5 6. cxd5 exd5 7. e5 d4 8. exf6 dxc3 9. fxg7 Bxg7 10. Nxc3 Qh4 11. Qa4+ Qxa4 12. Nxa4 Nc6 13. Bg5 Rg8 14. h4 Bd4 15. Nc3 f6 16. Be3 0-0-0 17. 0-0-0 Kb8 18. Ne4 Rgf8 19. Be2 f5 20. Ng5 Rd7 21. Rhe1 f4 22. Bxd4 Nxd4 23. Bf1 Bd5 24. Kb1 a5 25. Re5 h6 26. Ne4 Nc6 27. Rxd5 Rxd5 28. Be2 Nd4 29. Bg4 Re5 30. g3 Kb7 31. Bh3 fxg3 32. fxg3 b5 33. Bg2 Kb6 34. g4 Rf4 35. Bh3 a4 36. Rg1 Rf3 37. Bf1 Re3 38. g5 Re1# 0-1

[Event "EU-ch 12th"]
[Site "Aix les Bains"]
[Date "2011.04.01"]
[Round "10"]
[White "Villegas, Pierre"]
[Black "Gorse, Gerard"]
[Result "1-0"]
[WhiteElo "2246"]
[BlackElo "2050"]
[PlyCount "77"]
[EventDate "2011.03.22"]
[EventType "swiss"]
[EventRounds "11"]
[EventCountry "FRA"]
[SourceTitle "CBM 142 Extra"]
[Source "ChessBase"]
[SourceDate "2011.06.27"]
[SourceVersion "1"]
[SourceVersionDate "2011.06.27"]
[SourceQuality "1"]

1. b3 c5 2. Bb2 Nc6 3. e3 d5 4. f4 Nf6 5. Nf3 g6 6. Bb5 Bg7 7. 0-0 0-0 8. Bxc6 bxc6 9. Qe1 Ba6 10. d3 c4 11. Qd2 Qb6 12. Bd4 c5 13. Be5 cxd3 14. cxd3 Nd7 15. Bxg7 Kxg7 16. Nc3 e6 17. Rac1 Rac8 18. Rfd1 Rc7 19. Qf2 Qd6 20. Qg3 Rfc8 21. e4 Qb6 22. Kh1 c4 23. bxc4 dxc4 24. d4 Nf6 25. Qg5 Rd7 26. f5 Qd8 27. fxe6 fxe6 28. Qe5 Qe7 29. Ng5 Kg8 30. Qxe6+ Qxe6 31. Nxe6 Ng4 32. Rd2 Rf7 33. Kg1 Rb8 34. h3 Nf6 35. Nc5 Bc8 36. e5 Ne8 37. N3e4 Bf5 38. Ng5 Rc7 39. Na6 1-0

[Event "Liechtenstein op 28th"]
[Site "Triesen"]
[Date "2010.05.09"]
[Round "3"]
[White "Schnegg, Daniel"]
[Black "Gorse, Gerard"]
[Result "1-0"]
[WhiteElo "2193"]
[BlackElo "2000"]
[PlyCount "111"]
[EventDate "2010.05.07"]
[EventType "swiss"]
[EventRounds "9"]
[EventCountry "LIE"]
[SourceTitle "CBM 136 Extra"]
[Source "ChessBase"]
[SourceDate "2010.07.02"]
[SourceVersion "2"]
[SourceVersionDate "2010.07.15"]
[SourceQuality "1"]

1. e4 c5 2. Nf3 e6 3. d4 cxd4 4. Nxd4 Nc6 5. Nc3 d6 6. Bc4 Nf6 7. 0-0 Be7 8. Bb3 0-0 9. Be3 Bd7 10. f4 Nxd4 11. Bxd4 Bc6 12. Qe2 b5 13. Nxb5 Bxb5 14. Qxb5 Nxe4 15. f5 e5 16. Qe2 Nf6 17. Bf2 Qa5 18. Rad1 Rad8 19. Bh4 Qb4 20. Bxf6 Bxf6 21. Rd5 Qb6+ 22. Kh1 Rfe8 23. Qe4 Re7 24. Rfd1 h6 25. a4 Qf2 26. Rb5 Qf4 27. Bd5 Qxe4 28. Bxe4 Rc7 29. b3 Bg5 30. c4 Kf8 31. a5 Ke7 32. a6 Be3 33. Rb7 Bb6 34. b4 Rdd7 35. Bd5 Bd4 36. Rd3 Kf6 37. g4 Kg5 38. h3 Re7 39. Kg2 h5 40. Kg3 h4+ 41. Kf3 Kf6 42. Ke4 Bb6 43. Rb8 Kg5 44. Rg8 g6 45. Rf3 Rcd7 46. fxg6 fxg6 47. Rf5+ Kh6 48. Rf6 Rg7 49. Re8 Bd4 50. Ree6 Bc3 51. c5 dxc5 52. bxc5 Rdf7 53. c6 Kg5 54. Rxg6+ Rxg6 55. Rxg6+ Kxg6 56. Bxf7+ 1-0

[Event "FRA-chT2 0910"]
[Site "France"]
[Date "2009.12.12"]
[Round "5.5"]
[White "Gorse, Gerard"]
[Black "Duchateau, Thomas"]
[Result "1/2-1/2"]
[WhiteElo "2025"]
[BlackElo "2147"]
[PlyCount "54"]
[EventDate "2009.09.27"]
[EventType "team-tourn"]
[EventRounds "11"]
[EventCountry "FRA"]
[SourceTitle "EXT 2011"]
[Source "ChessBase"]
[SourceDate "2010.11.26"]
[SourceVersion "1"]
[SourceVersionDate "2010.11.26"]
[SourceQuality "1"]

1. d4 Nf6 2. c4 c5 3. Nf3 e6 4. g3 cxd4 5. Nxd4 Bb4+ 6. Bd2 Bxd2+ 7. Qxd2 d5 8. Bg2 0-0 9. cxd5 Nxd5 10. Nc3 Nxc3 11. Qxc3 Qb6 12. 0-0 Bd7 13. Rfd1 Rc8 14. Qb3 Bc6 15. Rac1 g6 16. Qxb6 axb6 17. a3 Rd8 18. Nxc6 Rxd1+ 19. Rxd1 Nxc6 20. Rd7 Na5 21. Rd4 Rc8 22. Bf3 Rc1+ 23. Kg2 Nc4 24. Bxb7 Nxb2 25. Rb4 Nc4 26. a4 Rc2 27. Ba6 Nb2 1/2-1/2

[Event "Bayern-chI Bank Hofmann 13th"]
[Site "Bad Wiessee"]
[Date "2009.10.31"]
[Round "1"]
[White "Gupta, Abhijeet"]
[Black "Gorse, Gerard"]
[Result "1-0"]
[WhiteElo "2584"]
[BlackElo "2028"]
[PlyCount "159"]
[EventDate "2009.10.31"]
[EventType "swiss"]
[EventRounds "9"]
[EventCountry "GER"]
[SourceTitle "EXT 2010"]
[Source "ChessBase"]
[SourceDate "2010.11.25"]
[SourceVersion "1"]
[SourceVersionDate "2010.11.25"]
[SourceQuality "1"]

1. d4 Nf6 2. c4 c5 3. d5 e5 4. Nc3 d6 5. e4 Be7 6. Bd3 Nbd7 7. h3 h5 8. Be3 Nf8 9. g3 Ng6 10. f4 exf4 11. gxf4 h4 12. Qf3 Nh5 13. Nge2 Ng3 14. Nxg3 hxg3 15. 0-0-0 Bf6 16. e5 dxe5 17. Bxg6 fxg6 18. fxe5 Bxe5 19. Bxc5 Qf6 20. Qe2 Kd8 21. Ne4 Bf4+ 22. Be3 Qe5 23. Rhf1 Bxe3+ 24. Qxe3 Bf5 25. Qg5+ Qe7 26. Qxe7+ Kxe7 27. Nxg3 Rac8 28. b3 b5 29. Rd4 bxc4 30. bxc4 Rxh3 31. Rf3 Rh2 32. d6+ Kd7 33. Nxf5 gxf5 34. Re3 Kc6 35. d7 Rd8 36. Re6+ Kc7 37. Ra6 Kb7 38. Ra3 g5 39. c5 Rh4 40. Rd5 Rc4+ 41. Kb2 Kc6 42. Rxf5 Rxd7 43. Ra6+ Kb7 44. Rg6 g4 45. Kb3 Rc1 46. Rxg4 Rc7 47. Kb4 Rb1+ 48. Ka5 Ra1 49. a4 Rb1 50. Rc4 Rc6 51. Rf7+ Kb8 52. Rc2 Rb3 53. Rd7 Rb1 54. Rc4 Rb3 55. Rb4+ Rxb4 56. Kxb4 Rh6 57. Kb5 a6+ 58. Ka5 Rc6 59. Kb4 Rh6 60. Rd6 Rh4+ 61. Ka5 Kb7 62. Rb6+ Kc7 63. Rxa6 Rh1 64. Rg6 Rc1 65. Kb5 Rb1+ 66. Ka6 Rc1 67. Rg5 Kc6 68. a5 Ra1 69. Rh5 Ra2 70. Rh1 Ra3 71. Rh6+ Kxc5 72. Rh1 Rb3 73. Ka7 Kc6 74. a6 Kc7 75. Rc1+ Kd8 76. Rc6 Ra3 77. Kb7 Kd7 78. Rb6 Rc3 79. a7 Rc7+ 80. Ka6 1-0

[Event "Baden-ch op"]
[Site "Badenweiler"]
[Date "2009.06.02"]
[Round "2"]
[White "Schrems, Hermann"]
[Black "Gorse, Gerard"]
[Result "1/2-1/2"]
[WhiteElo "2151"]
[BlackElo "2034"]
[PlyCount "41"]
[EventDate "2009.06.01"]
[EventType "swiss"]
[EventRounds "9"]
[EventCountry "GER"]
[SourceTitle "EXT 2010"]
[Source "ChessBase"]
[SourceDate "2010.11.25"]
[SourceVersion "1"]
[SourceVersionDate "2010.11.25"]
[SourceQuality "1"]

1. c4 c5 2. g3 Nc6 3. Bg2 g6 4. e3 Bg7 5. Ne2 e5 6. Nbc3 Nge7 7. 0-0 0-0 8. b3 d6 9. Bb2 a6 10. d3 Rb8 11. Qd2 b5 12. Rfd1 Qb6 13. Nd5 Nxd5 14. cxd5 Ne7 15. b4 Bb7 16. e4 cxb4 17. Qxb4 a5 18. Qd2 f5 19. Rf1 Rbc8 20. Rac1 Rxc1 21. Nxc1 1/2-1/2

[Event "Baden-ch op"]
[Site "Badenweiler"]
[Date "2009.06.01"]
[Round "1"]
[White "Gorse, Gerard"]
[Black "Kick, Joachim"]
[Result "1/2-1/2"]
[WhiteElo "2034"]
[BlackElo "2207"]
[PlyCount "57"]
[EventDate "2009.06.01"]
[EventType "swiss"]
[EventRounds "9"]
[EventCountry "GER"]
[SourceTitle "EXT 2010"]
[Source "ChessBase"]
[SourceDate "2010.11.25"]
[SourceVersion "1"]
[SourceVersionDate "2010.11.25"]
[SourceQuality "1"]

1. d4 d5 2. c4 c6 3. Nf3 Nf6 4. Nbd2 e6 5. g3 Nbd7 6. Bg2 Be7 7. 0-0 0-0 8. Qc2 b6 9. e4 dxe4 10. Nxe4 Bb7 11. Rd1 Nxe4 12. Qxe4 Nf6 13. Qe2 Qc7 14. Bf4 Bd6 15. Ne5 Rfd8 16. c5 Bxe5 17. Bxe5 Qe7 18. Bd6 Qd7 19. Rac1 Nd5 20. a3 a5 21. Re1 Ba6 22. Qe5 Bd3 23. Bxd5 exd5 24. Qe7 b5 25. Qxd7 Rxd7 26. Re3 Bf5 27. Rce1 Be6 28. f4 h5 29. h4 1/2-1/2

[Event "Liechtenstein op 27th"]
[Site "Triesen"]
[Date "2009.05.15"]
[Round "1"]
[White "Gorse, Gerard"]
[Black "Hera, Imre Jr"]
[Result "0-1"]
[WhiteElo "2034"]
[BlackElo "2533"]
[PlyCount "50"]
[EventDate "2009.05.15"]
[EventType "swiss"]
[EventRounds "9"]
[EventCountry "LIE"]
[SourceTitle "CBM 130 Extra"]
[Source "ChessBase"]
[SourceDate "2009.07.02"]
[SourceVersion "2"]
[SourceVersionDate "2009.07.15"]
[SourceQuality "1"]

1. d4 Nf6 2. c4 e6 3. g3 d5 4. Bg2 Bb4+ 5. Bd2 Be7 6. Nf3 0-0 7. 0-0 Nbd7 8. Qc2 c6 9. Bf4 a5 10. Nc3 dxc4 11. Rad1 Nd5 12. Ne5 Nxe5 13. dxe5 Qc7 14. Ne4 b5 15. Nf6+ Bxf6 16. exf6 Nxf4 17. fxg7 Kxg7 18. gxf4 Qxf4 19. Bxc6 Ra6 20. Bf3 e5 21. Kh1 Rh6 22. Rg1+ Kh8 23. Rg3 Qh4 24. h3 Bxh3 25. Kg1 Rg8 0-1

[Event "Rohde op 07th"]
[Site "Sautron"]
[Date "2007.10.30"]
[Round "5"]
[White "Gorse, Gerard"]
[Black "Lambert, Romain"]
[Result "1/2-1/2"]
[WhiteElo "2093"]
[BlackElo "1837"]
[PlyCount "58"]
[EventDate "2007.10.27"]
[EventType "swiss"]
[EventRounds "9"]
[EventCountry "FRA"]
[SourceTitle "EXT 2008"]
[Source "ChessBase"]
[SourceDate "2007.11.25"]
[SourceVersion "1"]
[SourceVersionDate "2007.11.25"]
[SourceQuality "1"]

1. d4 d5 2. c4 e6 3. g3 Nf6 4. Bg2 Be7 5. Nf3 0-0 6. 0-0 dxc4 7. Ne5 Nc6 8. Nxc6 bxc6 9. e3 Ba6 10. Nc3 Rb8 11. Bxc6 Qd6 12. Bg2 c5 13. dxc5 Qxc5 14. e4 Rfd8 15. Qa4 Bb5 16. Nxb5 Qxb5 17. Qc2 h6 18. Rb1 Rd3 19. Bd2 Nd7 20. Bc3 Bb4 21. Rfc1 Ne5 22. Bf1 Nf3+ 23. Kg2 Nd4 24. Bxd4 Rxd4 25. Rd1 Rbd8 26. Rxd4 Rxd4 27. Rd1 Rxd1 28. Qxd1 Qe5 29. Qc2 c3 1/2-1/2

[Event "EU Union-ch 3rd"]
[Site "Arvier"]
[Date "2007.06.20"]
[Round "6"]
[White "Gorse, Gerard"]
[Black "Ocantos, Manuel"]
[Result "0-1"]
[WhiteElo "2058"]
[BlackElo "2178"]
[PlyCount "136"]
[EventDate "2007.06.15"]
[EventType "swiss"]
[EventRounds "10"]
[EventCountry "ITA"]
[SourceTitle "CBM 118 Extra"]
[Source "ChessBase"]
[SourceDate "2007.07.04"]
[SourceVersion "1"]
[SourceVersionDate "2007.07.04"]
[SourceQuality "1"]

1. d4 d5 2. c4 e6 3. g3 Nf6 4. Bg2 Be7 5. Nf3 0-0 6. 0-0 dxc4 7. Ne5 c5 8. dxc5 Bxc5 9. Qxd8 Rxd8 10. Nd2 c3 11. bxc3 Nd5 12. Nb3 Bd6 13. Nc4 Nxc3 14. Bb2 Bb4 15. Bf3 Na4 16. Rfd1 Rf8 17. Be5 Nc6 18. Bd6 Bxd6 19. Rxd6 Rb8 20. Nba5 Ne7 21. Rc1 b6 22. Nc6 Nxc6 23. Bxc6 Nc5 24. Ne5 Bb7 25. Nd7 Nxd7 26. Bxd7 Rfd8 27. Rc7 Kf8 28. f3 Bd5 29. e4 Rb7 30. Rc8 Rxc8 31. Bxc8 Rc7 32. exd5 Rxc8 33. dxe6 Rc1+ 34. Kf2 Rc2+ 35. Ke3 fxe6 36. a4 Ra2 37. Rd4 Ke7 38. h4 e5 39. Re4 Ra3+ 40. Ke2 Kd6 41. h5 g6 42. hxg6 hxg6 43. Rg4 Kd5 44. Rxg6 Rxa4 45. Rg8 b5 46. g4 b4 47. g5 Ke6 48. Re8+ Kf5 49. g6 Kxg6 50. Rxe5 Ra3 51. f4 a5 52. Kd2 b3 53. Kc3 a4 54. Kb2 Ra2+ 55. Kb1 Rf2 56. Ra5 Rxf4 57. Kb2 Rc4 58. Kb1 Kf6 59. Ra8 Ke5 60. Ra7 Kd4 61. Kb2 Kc5 62. Rb7 Rc2+ 63. Kb1 Rf2 64. Rb8 Kc4 65. Rc8+ Kb4 66. Rc1 a3 67. Rh1 a2+ 68. Ka1 Ka3 0-1

[Event "Liechtenstein op 25th"]
[Site "Triesen"]
[Date "2007.05.18"]
[Round "8"]
[White "Habibi, Ali"]
[Black "Gorse, Gerard"]
[Result "1-0"]
[WhiteElo "2268"]
[BlackElo "2058"]
[PlyCount "23"]
[EventDate "2007.05.11"]
[EventType "swiss"]
[EventRounds "9"]
[EventCountry "LIE"]
[SourceTitle "CBM 118 Extra"]
[Source "ChessBase"]
[SourceDate "2007.07.04"]
[SourceVersion "1"]
[SourceVersionDate "2007.07.04"]
[SourceQuality "1"]

1. Nf3 c5 2. g3 b6 3. Bg2 Bb7 4. d3 Nf6 5. 0-0 g6 6. e4 d6 7. Nc3 Bg7 8. Ne1 0-0 9. f4 Nc6 10. g4 Nd4 11. e5 Bxg2 12. exf6 1-0

[Event "Liechtenstein op 25th"]
[Site "Triesen"]
[Date "2007.05.14"]
[Round "4"]
[White "Froewis, Annika"]
[Black "Gorse, Gerard"]
[Result "0-1"]
[WhiteElo "1835"]
[BlackElo "2058"]
[PlyCount "106"]
[EventDate "2007.05.11"]
[EventType "swiss"]
[EventRounds "9"]
[EventCountry "LIE"]
[SourceTitle "CBM 118 Extra"]
[Source "ChessBase"]
[SourceDate "2007.07.04"]
[SourceVersion "1"]
[SourceVersionDate "2007.07.04"]
[SourceQuality "1"]

1. e4 c5 2. Nf3 e6 3. d4 cxd4 4. Nxd4 Nc6 5. Nc3 d6 6. Be3 Nf6 7. Be2 Be7 8. Qd2 0-0 9. 0-0-0 d5 10. exd5 Nxd5 11. Nxd5 Qxd5 12. Kb1 e5 13. Nf5 Qxd2 14. Nxe7+ Nxe7 15. Rxd2 Be6 16. Rhd1 Nf5 17. Bc5 Rfe8 18. Bb5 Rec8 19. a3 g6 20. Bb4 Nd4 21. Bd3 f6 22. Be4 Nc6 23. Bc3 Kf7 24. h3 a5 25. Bd5 Rc7 26. g4 b6 27. Rd3 Rac8 28. R3d2 Bxd5 29. Rxd5 Ne7 30. R5d3 Nc6 31. Rd5 Ne7 32. R5d3 Rc4 33. f3 g5 34. R1d2 R8c7 35. Rd6 R7c6 36. R6d3 Rc7 37. Rd6 R4c6 38. R6d3 Ke6 39. Rh2 Ng6 40. Be1 Nf4 41. Rdd2 Ng6 42. h4 h6 43. h5 Nf4 44. Bg3 Rd7 45. Bxf4 gxf4 46. Rxd7 Kxd7 47. Kc1 Ke6 48. Rg2 e4 49. fxe4 Ke5 50. Re2 f3 51. Re1 Kf4 52. Kd2 Rd6+ 53. Kc3 f2 0-1